[Event "TUR Cup"]
[Site "Antalya"]
[Date "2020.01.31"]
[Round "9"]
[White "Koca, Cisem"]
[Black "Unal, Yusuf Evcim"]
[Result "0-1"]
[WhiteElo "1643"]
[BlackElo "1680"]
[PlyCount "46"]
[EventDate "2020.01.26"]
[EventType "swiss"]
[EventRounds "11"]
[EventCountry "TUR"]
[SourceTitle "CBM 194 Extra"]
[Source "ChessBase"]
[SourceDate "2020.03.31"]
[SourceVersion "1"]
[SourceVersionDate "2020.03.31"]
[SourceQuality "1"]

1. b3 Nf6 2. Bb2 d5 3. g3 c5 4. Bg2 Nc6 5. f4 Bf5 6. a3 e6 7. e3 d4 8. d3 Ng4 9. Bxc6+ bxc6 10. e4 Ne3 11. Qd2 Bg4 12. Ne2 Bf3 13. Rg1 f5 14. e5 h5 15. h4 Rh6 16. a4 Rg6 17. Na3 Ng2+ 18. Kf2 Qd5 19. Nc4 Be7 20. Raf1 Rg4 21. c3 Bxe2 22. Qxe2 Rxf4+ 23. gxf4 Bxh4# 0-1

[Event "TUR Cup"]
[Site "Antalya"]
[Date "2020.01.26"]
[Round "1"]
[White "Koca, Cisem"]
[Black "Kirilmaz, Emre"]
[Result "0-1"]
[WhiteElo "1643"]
[BlackElo "2068"]
[PlyCount "58"]
[EventDate "2020.01.26"]
[EventType "swiss"]
[EventRounds "11"]
[EventCountry "TUR"]
[SourceTitle "CBM 194 Extra"]
[Source "ChessBase"]
[SourceDate "2020.03.31"]
[SourceVersion "1"]
[SourceVersionDate "2020.03.31"]
[SourceQuality "1"]

1. d4 d5 2. Nf3 c6 3. g3 Bg4 4. Bg2 Nd7 5. 0-0 Ngf6 6. Nbd2 e6 7. c4 Bd6 8. b3 h5 9. Bb2 Bc7 10. Re1 Bf5 11. h3 Ne4 12. e3 Qf6 13. Qe2 g5 14. Nxe4 Bxe4 15. Nd2 Bxg2 16. Kxg2 0-0-0 17. e4 Kb8 18. Qe3 Qg6 19. e5 f5 20. Ba3 h4 21. Qd3 g4 22. Rh1 dxc4 23. Nxc4 Nxe5 24. Qc3 Nxc4 25. bxc4 hxg3 26. fxg3 gxh3+ 27. Rxh3 Rxh3 28. Kxh3 Qg4+ 29. Kg2 Rg8 0-1

[Event "TUR-chT 2nd League"]
[Site "Konya"]
[Date "2019.07.26"]
[Round "7.1"]
[White "Guclu, Yagmur"]
[Black "Koca, Cisem"]
[Result "1/2-1/2"]
[WhiteElo "1516"]
[BlackElo "1526"]
[PlyCount "81"]
[EventDate "2019.07.22"]
[EventType "team-swiss"]
[EventRounds "9"]
[EventCountry "TUR"]
[SourceTitle "CBM 191 Extra"]
[Source "ChessBase"]
[SourceDate "2019.09.30"]
[SourceVersion "1"]
[SourceVersionDate "2019.09.30"]
[SourceQuality "1"]
[WhiteTeam "Mercan Egitim"]
[BlackTeam "Apaydin Satranc Spor"]
[WhiteTeamCountry "TUR"]
[BlackTeamCountry "TUR"]

1. e4 c5 2. Nf3 e6 3. d4 cxd4 4. Nxd4 a6 5. Nc3 b5 6. Be3 Bb7 7. Bd3 Qc7 8. 0-0 Nf6 9. f3 Be7 10. Qe2 0-0 11. Rad1 d6 12. Bf2 Nbd7 13. Rfe1 Rac8 14. a3 Ne5 15. f4 Nc4 16. Bxc4 Qxc4 17. h3 Qxe2 18. Rxe2 Nd7 19. e5 d5 20. Ra1 Rc4 21. Na2 Bc5 22. Rd1 Bxd4 23. Bxd4 Rfc8 24. Rdd2 Nb8 25. Be3 R4c7 26. Nb4 Rc4 27. Na2 R4c7 28. Nb4 Rc4 29. Na2 Nd7 30. Kh2 a5 31. c3 Ba6 32. Re1 Re4 33. Rdd1 f6 34. exf6 Nxf6 35. g3 Rc6 36. Bd4 Rxe1 37. Rxe1 Ne4 38. Kg2 Kf7 39. Rd1 Nd6 40. Rd2 Nc4 41. Re2 1/2-1/2

[Event "TUR Cup"]
[Site "Antalya"]
[Date "2019.02.02"]
[Round "10"]
[White "Demirel, Yusuf Ziya"]
[Black "Koca, Cisem"]
[Result "1/2-1/2"]
[WhiteElo "1711"]
[BlackElo "1416"]
[PlyCount "82"]
[EventDate "2019.01.27"]
[EventType "swiss"]
[EventRounds "11"]
[EventCountry "TUR"]
[SourceTitle "CBM 188 Extra"]
[Source "ChessBase"]
[SourceDate "2019.02.28"]
[SourceVersion "1"]
[SourceVersionDate "2019.02.28"]
[SourceQuality "1"]

1. e4 c5 2. d4 cxd4 3. c3 dxc3 4. Nxc3 d6 5. Bc4 Nf6 6. e5 Nfd7 7. Nf3 dxe5 8. Bxf7+ Kxf7 9. Ng5+ Ke8 10. Qd5 Nf6 11. Qf7+ Kd7 12. Bf4 Qb6 13. 0-0-0+ Kc6 14. Be3 Qa6 15. Nge4 Nbd7 16. b4 Kc7 17. b5 Qa3+ 18. Kc2 b6 19. Qc4+ Kd8 20. Nb1 Qa5 21. Bd2 Bb7 22. Nxf6 Rc8 23. Qxc8+ Kxc8 24. Bxa5 exf6 25. Bc3 Bxg2 26. Rhg1 Be4+ 27. Kb2 g6 28. Nd2 Bd3 29. Nb3 Bxb5 30. Rd2 Nc5 31. Rgd1 Be7 32. Bb4 Nd3+ 33. Rxd3 Bxb4 34. Rc1+ Kb7 35. Rd5 Bc6 36. Rd3 f5 37. a3 Be7 38. Rdc3 Rc8 39. Nd2 Bf6 40. Rh3 Rc7 41. Nc4 Rd7 1/2-1/2

[Event "TUR Cup"]
[Site "Antalya"]
[Date "2019.01.31"]
[Round "7"]
[White "Koca, Cisem"]
[Black "Erim, Engin"]
[Result "1/2-1/2"]
[WhiteElo "1416"]
[BlackElo "1615"]
[PlyCount "116"]
[EventDate "2019.01.27"]
[EventType "swiss"]
[EventRounds "11"]
[EventCountry "TUR"]
[SourceTitle "CBM 188 Extra"]
[Source "ChessBase"]
[SourceDate "2019.02.28"]
[SourceVersion "1"]
[SourceVersionDate "2019.02.28"]
[SourceQuality "1"]

1. e4 c5 2. Nf3 d6 3. Bb5+ Bd7 4. Bxd7+ Qxd7 5. 0-0 Nc6 6. c3 Nf6 7. Re1 e6 8. d4 cxd4 9. cxd4 Be7 10. d5 exd5 11. exd5 Nb4 12. Nc3 0-0 13. Bg5 Rfe8 14. a3 Na6 15. Rc1 Nc7 16. Qd3 h6 17. Bh4 a6 18. Re2 Nh5 19. Bg3 Nxg3 20. hxg3 Bf8 21. Rce1 Rxe2 22. Rxe2 Re8 23. Kf1 g6 24. Rxe8 Qxe8 25. Qc4 Qd7 26. Qb4 Bg7 27. Qxb7 Bxc3 28. bxc3 Qb5+ 29. Qxb5 Nxb5 30. c4 Nxa3 31. Nd2 Kf8 32. Ke2 Nc2 33. Ne4 Ke7 34. Kd2 Nb4 35. Kc3 a5 36. Kb3 f5 37. Nc3 Nd3 38. Nd1 Nc5+ 39. Kc2 Kf6 40. f4 Ne4 41. Kb3 Nxg3 42. Nf2 Ne4 43. Nd3 g5 44. Ka4 g4 45. Kxa5 h5 46. Kb6 h4 47. Ne1 Ke7 48. Kc7 Nc5 49. Kc6 h3 50. gxh3 gxh3 51. Nf3 Nd3 52. Nd4 Nxf4 53. Nxf5+ Kf6 54. Ng3 Ke5 55. Nh1 h2 56. Nf2 Nh3 57. Ng4+ Kd4 58. Nxh2 Kxc4 1/2-1/2

[Event "TUR Cup"]
[Site "Antalya"]
[Date "2019.01.29"]
[Round "4"]
[White "Koca, Cisem"]
[Black "Mermer, Yunus"]
[Result "1/2-1/2"]
[WhiteElo "1416"]
[BlackElo "1585"]
[PlyCount "49"]
[EventDate "2019.01.27"]
[EventType "swiss"]
[EventRounds "11"]
[EventCountry "TUR"]
[SourceTitle "CBM 188 Extra"]
[Source "ChessBase"]
[SourceDate "2019.02.28"]
[SourceVersion "1"]
[SourceVersionDate "2019.02.28"]
[SourceQuality "1"]

1. e4 c5 2. Nf3 d6 3. Bb5+ Bd7 4. Bxd7+ Qxd7 5. 0-0 Nf6 6. Re1 Nc6 7. c3 e6 8. d4 cxd4 9. cxd4 d5 10. e5 Ne4 11. Nbd2 Nxd2 12. Bxd2 Be7 13. Rc1 0-0 14. a3 Rac8 15. Rc3 a6 16. Rd3 Na7 17. h4 Rc4 18. Ng5 Nb5 19. Qg4 g6 20. h5 Kg7 21. Ree3 Nxd4 22. Rxd4 Rxd4 23. Nxe6+ fxe6 24. Qxd4 Bg5 25. Rg3 1/2-1/2

[Event "TUR Cup"]
[Site "Antalya"]
[Date "2019.01.28"]
[Round "3"]
[White "Gazi, Adem"]
[Black "Koca, Cisem"]
[Result "0-1"]
[WhiteElo "1237"]
[BlackElo "1416"]
[PlyCount "82"]
[EventDate "2019.01.27"]
[EventType "swiss"]
[EventRounds "11"]
[EventCountry "TUR"]
[SourceTitle "CBM 188 Extra"]
[Source "ChessBase"]
[SourceDate "2019.02.28"]
[SourceVersion "1"]
[SourceVersionDate "2019.02.28"]
[SourceQuality "1"]

1. e4 c5 2. Nf3 e6 3. b3 b6 4. Bb2 Bb7 5. d3 d5 6. exd5 Bxd5 7. Nbd2 Nf6 8. g3 Bb7 9. Bg2 Be7 10. 0-0 Qc7 11. Re1 Nc6 12. Nc4 0-0 13. Qe2 Nd5 14. Nfe5 Bf6 15. Rab1 Rfe8 16. f4 Rad8 17. Nxc6 Bxc6 18. Bxd5 exd5 19. Ne5 Bxe5 20. Bxe5 Qd7 21. Qf2 d4 22. f5 Qd5 23. Kf1 Rxe5 24. Rxe5 Qxe5 25. Re1 Qd5 26. Re4 Re8 27. Qf4 Rxe4 28. dxe4 Qxe4 29. Qb8+ Be8 30. Qxa7 Qxf5+ 31. Kg1 Qe6 32. Qc7 Qe3+ 33. Kg2 Qd2+ 34. Kf3 Qe3+ 35. Kg2 Qe2+ 36. Kh3 Qe6+ 37. Kh4 Kf8 38. a4 Qe7+ 39. Qxe7+ Kxe7 40. Kg4 f6 41. Kh4 Bg6 0-1

[Event "TUR Cup										"]
[Site "Antalya"]
[Date "2018.02.02"]
[Round "10"]
[White "Koca, Cisem"]
[Black "Erdeniz, Mehmet"]
[Result "1-0"]
[WhiteElo "1463"]
[BlackElo "1498"]
[PlyCount "134"]
[EventDate "2018.01.27"]
[EventType "swiss"]
[EventRounds "11"]
[EventCountry "TUR"]
[SourceTitle "CBM 182 Extra"]
[Source "ChessBase"]
[SourceDate "2018.02.23"]
[SourceVersion "1"]
[SourceVersionDate "2018.02.23"]
[SourceQuality "1"]

1. e4 Nc6 2. d4 e5 3. d5 Nce7 4. d6 Ng6 5. dxc7 Qxc7 6. Be3 Nf6 7. f3 Bb4+ 8. c3 Bc5 9. Bxc5 Qxc5 10. Qd2 0-0 11. Na3 d5 12. exd5 e4 13. c4 Re8 14. 0-0-0 a6 15. b4 Qf8 16. Nc2 Bd7 17. Re1 Rac8 18. c5 a5 19. a3 Ba4 20. Ne3 Ne5 21. Nf5 Bb3 22. fxe4 Ned7 23. Kb2 Nxe4 24. Rxe4 Rxe4 25. Kxb3 axb4 26. axb4 Nxc5+ 27. Ka2 Ra8+ 28. Kb1 Na4 29. d6 Qd8 30. Bd3 Qe8 31. Ne7+ Rxe7 32. dxe7 Qxe7 33. Nf3 Rc8 34. Rc1 Nc3+ 35. Rxc3 Qxb4+ 36. Kc2 Qa4+ 37. Kb1 Qb4+ 38. Kc2 Qa4+ 39. Kb2 Qb4+ 40. Rb3 Qe7 41. Qb4 Qf6+ 42. Qd4 Qh6 43. Rc3 Ra8 44. Qc5 Qe6 45. Bc4 Qf6 46. Bd3 Qe6 47. Bc4 Qf6 48. Bd3 Qe6 49. Ng5 Qa2+ 50. Kc1 g6 51. Rc2 Qa1+ 52. Kd2 Re8 53. Nf3 Qh1 54. Qf2 Qa1 55. Qb6 Qh1 56. Qg1 Qxg1 57. Nxg1 Re5 58. Rb2 Rh5 59. Nf3 g5 60. Bf5 Kg7 61. Rxb7 Kf6 62. Bg4 Rh6 63. Rb6+ Kg7 64. Rxh6 Kxh6 65. Ke3 Kg6 66. Ke4 h5 67. Ne5+ Kh6 1-0

[Event "TUR Cup										"]
[Site "Antalya"]
[Date "2018.01.30"]
[Round "6"]
[White "Koca, Cisem"]
[Black "Baykal, Muhammed"]
[Result "0-1"]
[WhiteElo "1463"]
[BlackElo "1805"]
[PlyCount "118"]
[EventDate "2018.01.27"]
[EventType "swiss"]
[EventRounds "11"]
[EventCountry "TUR"]
[SourceTitle "CBM 182 Extra"]
[Source "ChessBase"]
[SourceDate "2018.02.23"]
[SourceVersion "1"]
[SourceVersionDate "2018.02.23"]
[SourceQuality "1"]

1. e4 d5 2. exd5 Qxd5 3. Nc3 Qd6 4. d4 Nf6 5. h3 c6 6. Nf3 Bf5 7. Bd3 Bxd3 8. Qxd3 Nbd7 9. Be3 e6 10. a3 Qc7 11. 0-0 Bd6 12. Rad1 0-0 13. Rfe1 Rfd8 14. Ne4 Bf4 15. c4 Bxe3 16. Rxe3 c5 17. dxc5 Nxe4 18. Qxe4 Nxc5 19. Qc2 Rxd1+ 20. Qxd1 Rd8 21. Qc2 Qd6 22. b4 Nd3 23. c5 Qd5 24. Kf1 Nf4 25. Re4 Qd1+ 26. Qxd1 Rxd1+ 27. Re1 Rd3 28. Re3 Rxe3 29. fxe3 Nd5 30. Ke2 Kf8 31. Kd3 a6 32. g3 Ke7 33. e4 Nf6 34. g4 h6 35. a4 Nd7 36. Kd4 f6 37. b5 axb5 38. axb5 Nb8 39. Nd2 Kd7 40. Nc4 g6 41. Nd6 b6 42. Nc4 bxc5+ 43. Kxc5 Kc7 44. Nb6 f5 45. gxf5 gxf5 46. exf5 exf5 47. Nd5+ Kd7 48. h4 Ke6 49. Nf4+ Ke5 50. Kb6 Kxf4 51. Kc7 Kg4 52. Kxb8 f4 53. b6 f3 54. b7 f2 55. Kc7 f1Q 56. b8Q Qf4+ 57. Kb7 Qxb8+ 58. Kxb8 Kxh4 59. Kc7 Kg3 0-1

[Event "EU-Cup 33rd"]
[Site "Antalya"]
[Date "2017.10.08"]
[Round "1.6"]
[White "Lokasto, Mariusz"]
[Black "Koca, Cisem"]
[Result "1-0"]
[WhiteElo "1857"]
[BlackElo "1467"]
[PlyCount "137"]
[EventDate "2017.10.08"]
[EventType "team-swiss"]
[EventRounds "7"]
[EventCountry "TUR"]
[SourceTitle "CBM 181"]
[Source "ChessBase"]
[SourceDate "2017.11.10"]
[SourceVersion "1"]
[SourceVersionDate "2017.11.10"]
[SourceQuality "1"]
[WhiteTeam "Benildus"]
[BlackTeam "Besiktas Jimnastik"]
[WhiteTeamCountry "IRL"]
[BlackTeamCountry "TUR"]

1. d4 Nf6 2. c4 d6 3. Nc3 g6 4. e4 Bg7 5. f3 Nbd7 6. Be3 e5 7. d5 a5 8. Qd2 0-0 9. Nge2 Ne8 10. g4 f5 11. Bg5 Bf6 12. Bxf6 Qxf6 13. g5 Qe7 14. Bg2 Nc5 15. Rf1 Ng7 16. 0-0-0 Bd7 17. h4 Ba4 18. Nxa4 Nxa4 19. Rde1 Nc5 20. Ng3 Qd7 21. Bh3 Qa4 22. b3 Qb4 23. Rd1 Qxd2+ 24. Kxd2 f4 25. Nh1 Nh5 26. Rg1 a4 27. b4 Na6 28. Kc3 Nb8 29. a3 b6 30. Be6+ Kh8 31. Bg4 Ng7 32. Nf2 Rd8 33. Rh1 Ne8 34. h5 Kg8 35. Be6+ Kg7 36. hxg6 hxg6 37. Rh6 Nd7 38. Rdh1 Nf8 39. Rh8 Nf6 40. gxf6+ Kxf6 41. Bg4 Kg7 42. R1h6 Rab8 43. Nd3 Re8 44. b5 Ra8 45. Nb4 Red8 46. Na6 Ra7 47. Kb4 Re8 48. Kxa4 Rd8 49. Kb4 Re8 50. a4 Rd8 51. Kb3 Re8 52. Kc3 Rd8 53. Kd3 Re8 54. Ke2 Rd8 55. Rh1 Re8 56. Bd7 Re7 57. Bg4 Re8 58. R8h2 Rd8 59. Rg2 Nh7 60. Bf5 Nf8 61. Rhg1 Re8 62. Bxg6 Nxg6 63. Rxg6+ Kf8 64. Rg8+ Ke7 65. Rxe8+ Kxe8 66. Rg7 Kd8 67. Kf2 Rxa6 68. bxa6 Kc8 69. Rg8+ 1-0

[Event "TUR Cup"]
[Site "Antalya"]
[Date "2017.02.01"]
[Round "7"]
[White "Bedel, Sercan Sahin"]
[Black "Koca, Cisem"]
[Result "1-0"]
[WhiteElo "1832"]
[BlackElo "1439"]
[PlyCount "61"]
[EventDate "2017.01.28"]
[EventType "swiss"]
[EventRounds "11"]
[EventCountry "TUR"]
[SourceTitle "CBM 176 Extra"]
[Source "ChessBase"]
[SourceDate "2017.03.02"]
[SourceVersion "1"]
[SourceVersionDate "2017.03.02"]
[SourceQuality "1"]

1. e4 c5 2. Nf3 e6 3. d4 cxd4 4. Nxd4 Nf6 5. Nc3 d6 6. Be2 a6 7. 0-0 Qc7 8. Kh1 b5 9. a3 Bb7 10. Bd3 Nbd7 11. f4 Be7 12. Qe2 Rc8 13. Bd2 Nb6 14. Rae1 Nc4 15. Bc1 Nxa3 16. e5 Nd7 17. f5 dxe5 18. fxe6 Nf6 19. exf7+ Kxf7 20. Nf5 Rhe8 21. Bg5 b4 22. Nh6+ Kf8 23. Qh5 Bd8 24. Bxh7 Nxc2 25. Bxc2 bxc3 26. Ng4 Ke7 27. Nxf6 gxf6 28. Rxf6 Bxg2+ 29. Kxg2 Qb7+ 30. Kh3 Qd7+ 31. Bf5 1-0

[Event "TUR Cup"]
[Site "Antalya"]
[Date "2017.01.31"]
[Round "5"]
[White "Akdag, Omer Amir"]
[Black "Koca, Cisem"]
[Result "1/2-1/2"]
[WhiteElo "1676"]
[BlackElo "1439"]
[PlyCount "82"]
[EventDate "2017.01.28"]
[EventType "swiss"]
[EventRounds "11"]
[EventCountry "TUR"]
[SourceTitle "CBM 176 Extra"]
[Source "ChessBase"]
[SourceDate "2017.03.02"]
[SourceVersion "1"]
[SourceVersionDate "2017.03.02"]
[SourceQuality "1"]

1. e4 c5 2. Nf3 e6 3. d4 cxd4 4. Nxd4 Nf6 5. Nc3 d6 6. g4 a6 7. g5 Nfd7 8. f4 b5 9. f5 e5 10. Nb3 Bb7 11. Qg4 Nb6 12. g6 hxg6 13. fxg6 Qh4+ 14. Qxh4 Rxh4 15. gxf7+ Kxf7 16. Bg2 b4 17. 0-0+ Ke8 18. Nd5 Bxd5 19. exd5 a5 20. Nd2 N8d7 21. Ne4 Be7 22. Ng3 Rc4 23. Be4 Nf6 24. Bd3 Rc7 25. Nf5 Bf8 26. Bb5+ Kf7 27. Ne3 Rc5 28. Bc6 Rb8 29. a3 Kg8 30. axb4 axb4 31. Rd1 Nc4 32. Nf5 Nb6 33. Rd2 Nbxd5 34. Bxd5+ Rxd5 35. Rg2 e4 36. Ne3 Re5 37. Ng4 Re6 38. Ra6 Nd7 39. Bf4 Nc5 40. Rc6 Rd8 41. Rd2 d5 1/2-1/2

[Event "TUR-chT"]
[Site "Izmir"]
[Date "2016.08.05"]
[Round "13.4"]
[White "Koca, Cisem"]
[Black "Nechaeva, Marina"]
[Result "0-1"]
[WhiteElo "1409"]
[BlackElo "2410"]
[PlyCount "146"]
[EventDate "2016.07.25"]
[EventType "team-swiss"]
[EventRounds "13"]
[EventCountry "TUR"]
[SourceTitle "CBM 173 Extra"]
[Source "ChessBase"]
[SourceDate "2016.08.29"]
[SourceVersion "1"]
[SourceVersionDate "2016.08.29"]
[SourceQuality "1"]
[WhiteTeam "Besiktas Jimnastik"]
[BlackTeam "Tas Duvar"]
[WhiteTeamCountry "TUR"]
[BlackTeamCountry "TUR"]

1. e4 c6 2. d4 d5 3. exd5 cxd5 4. Bd3 Nc6 5. c3 Qc7 6. h3 Nf6 7. Nf3 g6 8. 0-0 Bf5 9. Re1 Bxd3 10. Qxd3 Bg7 11. Nbd2 0-0 12. Nb3 e6 13. Re2 Rac8 14. Ne5 Ne4 15. Nxc6 bxc6 16. Be3 Rfe8 17. Rae1 Bf8 18. Qc2 Qb6 19. Bf4 a5 20. f3 Nf6 21. Be3 Nd7 22. Kh1 a4 23. Nc1 Ra8 24. Nd3 Rec8 25. Qc1 Qb5 26. Rd2 Nb6 27. Qd1 Nc4 28. Rc2 Nxe3 29. Rxe3 Rab8 30. Ree2 Rb7 31. Red2 Qc4 32. Qa1 Bd6 33. Rd1 Rcb8 34. Nc1 c5 35. Ne2 Rc8 36. Rdc1 Bb8 37. Rd2 Qa6 38. Qb1 Qd6 39. g3 Qb6 40. Kg2 Ba7 41. Rcc2 Rbc7 42. Qg1 cxd4 43. Qxd4 Qa5 44. Qd3 a3 45. b3 Qb6 46. Rd1 Qf2+ 47. Kh1 h5 48. Rg1 Qc5 49. c4 Qe3 50. Qxe3 Bxe3 51. Rd1 dxc4 52. Rc3 Bg5 53. bxc4 Rxc4 54. Rxa3 Rc2 55. Nd4 Rd8 56. Rdd3 Rb2 57. Nc6 Rxd3 58. Rxd3 Rxa2 59. Rd7 Bf6 60. Nb4 Rf2 61. Rd3 Rb2 62. Nc6 Kg7 63. Rd7 Rf2 64. Rd3 Rc2 65. Nb4 Rc4 66. Rb3 Be5 67. f4 Bd6 68. Nd3 h4 69. Kg2 hxg3 70. Kxg3 g5 71. Kf3 gxf4 72. Rb6 Rd4 73. Rb3 e5 0-1

[Event "Manavgat Turkey Cup"]
[Site "Manavgat"]
[Date "2015.02.03"]
[Round "5"]
[White "Demirci, Baris"]
[Black "Koca, Cisem"]
[Result "1-0"]
[WhiteElo "1564"]
[BlackElo "1265"]
[PlyCount "79"]
[EventDate "2015.01.31"]
[EventType "swiss"]
[EventRounds "11"]
[EventCountry "TUR"]
[SourceTitle "CBM 164 Extra"]
[Source "ChessBase"]
[SourceDate "2015.03.02"]
[SourceVersion "1"]
[SourceVersionDate "2015.03.02"]
[SourceQuality "1"]

1. e4 c5 2. Nf3 e6 3. d4 cxd4 4. Nxd4 Nf6 5. Nc3 d6 6. Be2 Be7 7. 0-0 a6 8. f4 Nbd7 9. Kh1 Qc7 10. Bf3 0-0 11. Nce2 Rb8 12. Ng3 b5 13. e5 Nd5 14. Bxd5 exd5 15. Ndf5 Nb6 16. Be3 dxe5 17. fxe5 Be6 18. Qg4 g6 19. Bh6 Rfe8 20. Nxe7+ Qxe7 21. Nf5 Bxf5 22. Rxf5 Qe6 23. Raf1 Kh8 24. Qg5 Nc4 25. Rxf7 Qxe5 26. Bg7+ Qxg7 27. Rxg7 Kxg7 28. Qf6+ Kg8 29. Qf7+ Kh8 30. Qxd5 Rbd8 31. Qc6 Kg8 32. h3 Ra8 33. Qd5+ Kh8 34. Rf7 Rad8 35. Qb7 Re1+ 36. Kh2 Rh1+ 37. Kxh1 Kg8 38. Rg7+ Kh8 39. Rxh7+ Kg8 40. Qg7# 1-0

[Event "Manavgat Turkey Cup"]
[Site "Manavgat"]
[Date "2015.01.31"]
[Round "1"]
[White "Kurdas, Halil Ibrahim"]
[Black "Koca, Cisem"]
[Result "1-0"]
[WhiteElo "1601"]
[BlackElo "1265"]
[PlyCount "75"]
[EventDate "2015.01.31"]
[EventType "swiss"]
[EventRounds "11"]
[EventCountry "TUR"]
[SourceTitle "CBM 164 Extra"]
[Source "ChessBase"]
[SourceDate "2015.03.02"]
[SourceVersion "1"]
[SourceVersionDate "2015.03.02"]
[SourceQuality "1"]

1. e4 c5 2. Nf3 e6 3. d4 cxd4 4. Nxd4 Nf6 5. Nc3 d6 6. Be2 Be7 7. 0-0 0-0 8. a4 b6 9. Bf3 Nfd7 10. e5 d5 11. Nxd5 exd5 12. Bxd5 Nxe5 13. Bxa8 Ba6 14. Re1 f6 15. Ne6 Qxd1 16. Rxd1 Rc8 17. Bd5 Kh8 18. f4 Ng6 19. Be4 Kg8 20. Be3 Kh8 21. a5 b5 22. Bxa7 b4 23. Bxb8 Rxb8 24. Rd7 Bc8 25. Rc7 Bxe6 26. Bxg6 Bd6 27. Rc6 Bxf4 28. Rxe6 hxg6 29. a6 Ra8 30. a7 Kg8 31. Ra4 Bd2 32. Re7 Kh7 33. Ra6 Kh6 34. h4 Bc1 35. Rb7 Bd2 36. Rb8 Be3+ 37. Kf1 Rxb8 38. axb8Q 1-0